000
00328nam a2200121Ia 4500
008
240624s9999 xx 000 0 und d
041
_a
eng
082
_a
332.041 DAL
100
_a
DAMANIA SUNIL
245
_a
MID CAP 250 COMPENDIUM ON INDIA S BEST M
260
_c
2007
_a
Mumbai
_b
Ramdeo Media Pvt Ltd
300
_a
332 : p. : cm. ; 27
999
_c
5894
_d
5894